000
00326nam a2200121Ia 4500
008
151213s9999 xx 000 0 und d
245
_a
Manpower Assessment & Planning Project in Asia
260
_a
Geneva
_b
International Labour Office
_c
1978
300
_a
2628 p.
650
_a
Management
650
_a
Management
999
_c
1744
_d
1744